000 01062nam a22002897i 4500
003 EG-GICUC
005 20260302124509.0
008 260209s1960 ua |||fr|||| 00| 0 ara d
040 _a EG-GICUC
_bara
_c EG-GICUC
_d EG-GICUC
_erda
041 0 _aara
082 0 4 _221
_a341.79
_bس ع . ت
092 0 4 _221
099 _aLaw1 11 341.79 1 ed -1960 س ع . ت
100 0 _aسعيد النجار
_eمؤلف.
245 1 2 _aالتجارة الدولية /
_cتأليف سعيد النجار.
250 _aالطبعة الأولي
264 1 _aالقاهرة :
_bمطبعة لجنة التأليف والترجمة والنشر ،
_c1960.
300 _a415 صفحة ؛
_c24 سم
336 _2rda content
_atext
337 _2rda media
_aComputer
338 _2rda carrier
_aOnline Resource
546 _aالنص باللغة العربية
650 1 4 _aالقانون الدولي العام
_vعقود التجارة الدولية
_2qrmak
856 4 0 _uhttps://fll.law.cu.edu.eg/fulltext/bks/B11-06923.pdf
905 _a56
942 _2ddc
_cBK
_e21
_n0
999 _c61948
_d61948